L’année 2024 - Statistiques

Statistiques générales
  • Ce quiz a été pris 76 fois
  • Le résultat moyen est 17 sur 28
Statistiques - réponses
Hint Réponse % Correct
Comment s'appelle le nageur français ayant obtenu 4 médailles d'or en individuel et une médaille de bronze par équipe durant les JO de Paris 2024 ? Léon Marchand
87%
Durant quel mois, la France devient le premier pays au monde à reconnaître dans sa Constitution la liberté de recourir à l'avortement ? Mars
87%
Dans quel pays a eu lieu la chute du régime de Bachar el-Assad en décembre 2024 ? Syrie
86%
Quel monument parisien a réouvert ses portes au public en décembre 2024 après 5 ans de restauration ? Cathédrale Notre-Dame de Paris
84%
Quelle chanteuse fait son grand retour en clôturant la cérémonie d'ouverture des JO de Paris 2024 ? Céline Dion
84%
Dans quel pays, le président Yoon Suk-yeol décrète la loi martiale et est destitué en décembre 2024 ? Corée du Sud
84%
Quel département français est dévasté par le cyclone Chido le 14 décembre 2024 ? Mayotte
84%
Qui a été nommé personnalité de l'année selon le Time Magazine après sa réélection à la présidence des USA ? Donald Trump
83%
Quelle légende espagnole du tennis a mis un terme à sa carrière cette année à l'âge de 38 ans ? Rafael Nadal
80%
Qui est devenu Premier Ministre en France en septembre après la dissolution de l'Assemblée Nationale ? Michel Barnier
78%
De quel région vient la nouvelle Miss France 2025 ? Martinique
77%
Qui a réalisé le film "Un p'tit truc en plus" réalisant plus de 10 millions d’entrées dans les salles françaises ? Artus
75%
Comment s'appelle la femme qualifiée d' icône du féminisme pour avoir demandé la levée du huis-clos lors du procès des viols de Mazan où 51 hommes sont jugés coupables ? Gisèle Pelicot
75%
Quel pays a été envahis en septembre 2024 par Israël pour tenter d'éradiquer le Hezbollah causant la mort de centaine de civils ? Liban
74%
De quel pays, Keir Starmer devient-il le nouveau Premier Ministre le 5 juillet 2024 ? Royaume-Uni
67%
Comment appelle-t-on communément la zone regroupant des pays de l'Amérique du Sud avec qui l'UE a négocié un accord de libre-échange causant la colère des agriculteurs français ? Mercosur
62%
Quel acteur français ayant joué dans plusieurs films comme "Borsalino" ou "Le Clan des Siciliens" est mort cette année ? Alain Delon
55%
Quel pays a rejoint l'OTAN en mars 2024 ? Suède
54%
Quelle chanteuse française connue pour ses titres comme "Comment te dire adieu" ou "Message personnel" est morte cette année ? Françoise Hardy
52%
Où Paul Watson, défenseur des baleines, était-il enfermé avant sa libération ? Groenland
49%
Quelle association avait fondé l'Abbé Pierre, accusé d'agressions sexuelles par une vingtaine de femmes ? Emmaüs
46%
Comment s'appelait le principal opposant russe au régime de Vladimir Poutine emprisonné depuis 2021 puis meurt en prison en février 2024 ? Alexeï Navalny
41%
Avec l’Arabie saoudite, l’Égypte, les Émirats arabes unis et l’Éthiopie, quel autre pays a rejoint les BRICS le 1er janvier 2024 ? Iran
41%
Quel pays a gagné l'Eurovision cette année ? Suisse
36%
Quelle récompense a été décernée au film “Anatomie d’une chute”, de Justine Triet, aux Oscars 2024 ? Meilleur scénario original
32%
Quelle actrice, figure de proue du #Metoo français, a porté plainte contre les réalisateurs Benoît Jacquot et Jacques Doillon pour des violences sexuelles et physiques ? Judith Godrèche
19%
Dans quel pays le président Nayib Bukele est-il réélu avec plus de 80% des voix ? Salvador
19%
Quelle chanteuse anglaise a sortie son album "Brat" faisant danser le monde tout l'été ? Charli XCX
16%
Aucun quiz correspondant
Distribution des résultats
% des personnes avec chaque résultat
Percentile par nombre de réponses
Votre historique - résultats
Vous n’avez pas pris ce quiz